000
00312nam a22001337a 4500
082
_a
894.812
_b
MAD/E
100
_a
MADHU NAIR
245
_a
ETHIOPIAYIL ETHIYAPPOL
250
_a
FIRST EDITION
260
_a
TRIVANDRUM
_b
INDIA BOOKS
_c
2016
300
_a
50
650
_a
MALAYALAM TRAVELOGUE
_z
ETHIOPIA
942
_c
BK
999
_c
6982
_d
6982